000 00591nam a2200193 i 4500
001 88432
003 ES-MaACL
005 20230906175847.0
007 t|
008 050104s1973 sp ||||1| spa d
100 1 _aLamour, Catherine.
_969870
245 1 3 _aLa nueva guerra del opio /
_cCatherine Lamour, Michael R. Lamberti ; [traducción de Javier Millet].
250 _a[1ª ed.].
260 _aBarcelona :
_bBarral,
_c1973.
300 _a342 p. :
_bil. ;
_c20 cm.
700 1 _aMillet, Javier.
_981244
700 1 _aLamberti, Michal R.
_969824
852 _aES-MaACL
_jC-54107
_bR.86636
999 _c88432
_d88432